Statistiques concernant Pays frontaliers de l'Afghanistan

Cliquez ici pour prendre le quiz!

Statistiques générales

  • Ce quiz a été pris 72 fois
  • Le résultat moyen est 6 sur 6

Statistiques - réponses

KmPays% Correct
2430Pakistan
98%
936Iran
96%
744Turkménistan
96%
1206Tadjikistan
92%
137Ouzbékistan
89%
76Chine
81%

Distribution des résultats

Percentile par nombre de réponses

% des personnes avec chaque résultat

Votre développement - résultats

Vous n’avez pas pris ce quiz